| 000 | 00379nam a2200145Ia 4500 | ||
|---|---|---|---|
| 008 | 211109s9999||||xx |||||||||||||| ||und|| | ||
| 082 |
_a894.812 _bPUT-S |
||
| 100 | _aPuthezhath, Raman Menon | ||
| 245 | 0 | _aSakthan Thampuran | |
| 260 |
_bMathrubhumi _aKozhikode _c1942 |
||
| 300 | _a616p. | ||
| 630 | _xGeneral Stack | ||
| 650 |
_aMALAYALAM LITERATURE _xGeneralia |
||
| 942 | _cBOOK | ||
| 999 |
_c20620 _d20620 |
||